banner-ar

SYSTEMS,SOFTWARE,AND QUALITY ENGINEERING: APPLYING DEFECT BEHAROUR THE ORY TO PROGRAMMING / (Record no. 24680)

MARC details
000 -الفاتح
حقل البيانات ثابتة الطول 00526nam a2200169Ia 4500
008 - عناصر البيانات ثابتة الطول - معلومات عامة
حقل البيانات ثابتة الطول 140319s9999 xx 000 0 eng d
040 ## - مصدر الفهرسة
وكالة الفهرسة الأصلية GCL /
وكالة النسخ GCL
082 04 - رقم تصنيف ديوى العشرى
رقم التصنيف 005.10685
رقم المادة F S
100 1# - المدخل الرئيسى - إسم شخصى
الإسم الشخصى FREDINAND, ATHUR E
245 10 - بيان العنوان
العنوان SYSTEMS,SOFTWARE,AND QUALITY ENGINEERING: APPLYING DEFECT BEHAROUR THE ORY TO PROGRAMMING /
بيان المسئوليه,etc FREDINAND, ATHUR E
260 ## - PUBLICATION, DISTRIBUTION, ETC. (IMPRINT)
تاريخ النشر أو التوزيع 1993
300 ## - الوصف المادى
التعداد 416 P
650 04 - المدخل الاضافى بالموضوع-مصطلح موضوعى
مصطلح موضوعي SOFTWARE ENGINEERING
650 04 - المدخل الاضافى بالموضوع-مصطلح موضوعى
مصطلح موضوعي SYSTEM ENGINEERING
942 ## - عناصر المدخل الإضافي( كوها)
مصدر التصنيف او مخطط الترفيف Dewey Decimal Classification
Koha [default] item type كتاب
260 ## - PUBLICATION, DISTRIBUTION, ETC. (IMPRINT)
-- [S.N] :
-- VAN NOSTRAND REINHOLD ،
Holdings
حالة التراجع حالة الفقد حالة تلف ليس للاعارة المكان المؤقت الموقع الحالى تاريخ الاكتساب اجمالي اﻻعارات رقم الطلب الباركود تاريخ اخر مشاهدة تاريخ تفعيل السعر نوع وعاء كوها
        مكتبة القاهرة الكبرى مكتبة القاهرة الكبرى 03/26/2014   005.10685\F S 43734 03/26/2014 03/26/2014 كتاب

Powered By

EGPV